000
00320nam a2200121Ia 4500
008
190216s9999||||xx |||||||||||||| ||und||
100
_a
Harwood F Merrill & Elizabeth Marting
245
0
_a
Developing Executive Skills
260
_b
Db.Taraporevala Sons &co
_c
1967
300
_a
431p
650
_a
Commerce
942
_c
BK
999
_c
4692
_d
4692